Statistics for Ohio Fried Chicken by Jake Paul Lyrics

Click here to take the quiz!

General Stats

  • This quiz has been taken 96 times
    (90 since last reset)
  • The average score is 135 of 258

Answer Stats

Lyrics% Correct
chicken
93%
Chicken
93%
fried
93%
Fried
93%
Ohio
92%
I
89%
a
73%
me.
71%
me
71%
my
71%
it
69%
it.
69%
is
65%
ma'
64%
We
64%
in
63%
And
60%
and
60%
boys
60%
boys,
60%
do:
59%
it's
59%
pops.
59%
Honkey
57%
what
57%
called.
56%
got
56%
to
56%
Jake
53%
Paul.
52%
truck
52%
you
52%
the
51%
day.
49%
day
49%
Kentucky
49%
OFC
49%
one
49%
overalls.
49%
this
49%
Just
48%
just
48%
making
48%
can't
47%
link
47%
tonk.
47%
bio.
45%
Bobby
45%
donk.
45%
donk
45%
let's
45%
made
45%
Merch
45%
y'all.
45%
compete.
44%
no
44%
Rick.
44%
Slick.
44%
your
44%
that
43%
girl
41%
Tonkey
41%
Tricky
41%
yee
41%
her
40%
hit
40%
up
40%
up.
40%
*****
39%
Getcha
39%
how
39%
not
39%
that's
39%
we're
39%
Yeah
39%
boss.
37%
sauce.
36%
hair.
35%
living.
35%
some
35%
yeet.
35%
even
33%
nice
33%
off
33%
pretty
33%
tell
33%
care
32%
down
32%
feet.
32%
look
32%
self
32%
Sweep
32%
tenders
32%
I'm
31%
move.
31%
or
31%
Please
31%
way
31%
with
31%
world
31%
goat.
29%
make
29%
need:
29%
need
29%
problem
29%
They
29%
thicken.
29%
think
29%
naked.
28%
found
27%
Now
27%
piggy.
27%
said
27%
sittin'
27%
Slow
27%
speed
27%
all
25%
around
25%
Come
25%
finally
25%
find
25%
We'll
25%
you'll
25%
little
24%
town
24%
boat.
23%
lifted.
23%
out
23%
pride.
23%
proud.
23%
ride.
23%
wanna
23%
crowd.
21%
family
21%
sell
21%
wouldn't
21%
But
20%
chicken's
20%
Shoutout
20%
wanna
20%
who's
20%
Workin'
20%
still
16%

Score Distribution

Percentile by Number Answered

Percent of People with Each Score

Your Score History

You have not taken this quiz since the last reset